Artemis Fowl (Registo nº 844)

Detalhes MARC
000 -Etiqueta do registo
Cabeçalho 00795nam0a2200277 4500
005 - Identificador da versão
Campo de controlo 20240813121816.0
010 ## - Número internacional normalizado dos livros (ISBN)
Número (ISBN) 9722022245
021 ## - Número do Depósito Legal
Código do país PT
Número 178 428/02
100 ## - Dados gerais de processamento
Dados gerais de processamento 20160609d2002 m y0pory5003 ba
102 ## - Pais de publicação ou produção
País de publicação Portugal
101 1# - Língua de publicação
Língua do texto, banda sonora, etc. Português
Língua do documento no original Inglês
215 ## - Descrição física 
Indicação específica da natureza do documento e extensão da espécie 260 p
200 1# - Titulo e menção de responsabilidade
Título próprio Artemis Fowl
Primeira menção de responsabilidade Eoin Colfer
Outras menções de responsabilidade trad. Maria Eduarda Colares
225 2# - Colecção 
Título próprio da colecção Minoria absoluta
Indicação de volume 25
205 ## - Menção da edição
Menção da edição 1ª ed
210 ## - Publicação, Distribuição, etc. 
Lugar da edição, distribuição, etc. Lisboa
Nome do editor, distribuidor, etc. Dom Quixote
Data da publicação, distribuição, etc. 2002
517 1# - Outras variantes do título
Variant Title <O >ouro das fadas
606 ## - Nome comum usado como assunto
Número de registo de entrada de autoridade 0002966
Palavra de ordem Literatura irlandesa
Subdivisão de assunto Ficção científica
Código do sistema CA
675 ## - Classificação Decimal Universal (CDU)
Notação 821.111(417)-311.9
Edição 3ª ed.
Língua da edição por
702 #1 - Nome de autor-pessoa física (responsabilidade secundária)
Número de registo de entrada de autoridade 0002969
Palavra de ordem Colares
Outra parte do nome não tomada para palavra de ordem Maria Eduarda
Código de função Tradutor
700 #1 - Nome de autor-pessoa física (responsabilidade principal)
Número de registo de entrada de autoridade 0002968
Palavra de ordem Colfer
Outra parte do nome não tomada para palavra de ordem Eoin
Datas 1965-
966 ## - Identificação da Biblioteca
Sigla EB2,3ENM
942 ## - Elementos de entrada adicionados (Koha)
Tipo de item no Koha Livro
Exemplares
Situação do levantamento Origin of item (home branch) (coded) Biblioteca de empréstimo Código de barras Cota Circulation type (not for loan) Tipo de documento Nota do exemplar Damaged status
  Biblioteca Escolar Eng. Nuno Mergulhão Biblioteca Escolar Eng. Nuno Mergulhão BENM1541 82LE-3 COL   Livro Sem mensagem